| 000 | 00565nam a2200193Ia 4500 | ||
|---|---|---|---|
| 999 |
_c31691 _d31691 |
||
| 003 | OSt | ||
| 005 | 20200806120513.0 | ||
| 008 | 190216s9999||||xx |||||||||||||| ||und|| | ||
| 020 | _a9788120818712 | ||
| 040 | _coclc | ||
| 082 |
_a510.934 _bWIL/C |
||
| 100 |
_aWilliams, Kenneth _93807 |
||
| 245 | 0 |
_aThe Cosmic Calculator / _cKenneth Williams ; Mark Gaskell |
|
| 250 | _a1st Ed. | ||
| 260 |
_bMotilal Benasidas Publishers, _c2002. _aDelhi: |
||
| 300 | _a244p | ||
| 650 | _aMathematics | ||
| 942 |
_cBK _2ddc _h510.934 _iWIL/C _k510.934 _mWIL/C |
||